000 00454nam a22001817a 4500
003 3228
005 20250430120242.0
008 250430b sa ||||| |||| 00| 0 eng d
020 _a9781405851374
_qpbk
040 _aRDA
_c3228
041 _2E
082 _aJ R 413 LONG
100 _aAdrian-vallance
_9193319
245 _aLONGMAN EXAMS DICTIONARY
260 _aHarlow
_bPearson education
_c25006
300 _a1833 pages
_c25 cm
942 _2ddc
_cBOOK
_w10421
_xhlophe mtsweni
_y10421
_zhlophe mtsweni
999 _c775640
_d775639